Bazel 2 a jeho implementácia do slovenskej legislatívy so zameraním na bankový sektor diplomová práca

Na minha lista:
Detalhes bibliográficos
Autor principal: Michálek, Marek
Autor Corporativo: Národohospodárska fakulta EU. Katedra bankovníctva a medzinárodných financií
Outros Autores: Oravíková Podoliaková, Katarína
Formato: Livro
Idioma:eslovaco
Publicado em: Bratislava 2011
Tags: Adicionar Tag
Sem tags, seja o primeiro a adicionar uma tag!

MARC

LEADER 00000nbm a2200000 4500
001 0130713
005 20161109101606.4
041 0 |a slo 
044 |a SK 
245 1 0 |a Bazel 2 a jeho implementácia do slovenskej legislatívy so zameraním na bankový sektor  |b diplomová práca  |c Marek Michálek ; školiteľ: Katarína Oravíková Podoliaková 
264 1 |a Bratislava  |c 2011 
300 |a 88 s. 
100 1 |a Michálek, Marek 
700 1 |a Oravíková Podoliaková, Katarína 
710 2 |a Národohospodárska fakulta EU. Katedra bankovníctva a medzinárodných financií